<?xml version="1.0" encoding="UTF-8"?><?xml-stylesheet type="text/xsl" href="static/style.xsl"?><OAI-PMH xmlns="http://www.openarchives.org/OAI/2.0/" xmlns:xsi="http://www.w3.org/2001/XMLSchema-instance" xsi:schemaLocation="http://www.openarchives.org/OAI/2.0/ http://www.openarchives.org/OAI/2.0/OAI-PMH.xsd"><responseDate>2026-06-01T16:20:19Z</responseDate><request verb="GetRecord" identifier="oai:riuma.uma.es:10630/44805" metadataPrefix="marc">https://riuma.uma.es/rest/oai/request</request><GetRecord><record><header><identifier>oai:riuma.uma.es:10630/44805</identifier><datestamp>2026-01-24T00:47:21Z</datestamp><setSpec>com_10630_2254</setSpec><setSpec>col_10630_37953</setSpec></header><metadata><record xmlns="http://www.loc.gov/MARC21/slim" xmlns:dcterms="http://purl.org/dc/terms/" xmlns:doc="http://www.lyncode.com/xoai" xmlns:xsi="http://www.w3.org/2001/XMLSchema-instance" xsi:schemaLocation="http://www.loc.gov/MARC21/slim http://www.loc.gov/standards/marcxml/schema/MARC21slim.xsd">
   <leader>00925njm 22002777a 4500</leader>
   <datafield ind2=" " ind1=" " tag="042">
      <subfield code="a">dc</subfield>
   </datafield>
   <datafield ind2=" " ind1=" " tag="720">
      <subfield code="a">Nuevo-López, Abraham</subfield>
      <subfield code="e">author</subfield>
   </datafield>
   <datafield ind2=" " ind1=" " tag="720">
      <subfield code="a">Martín-Martín, Francisco Marcos</subfield>
      <subfield code="e">author</subfield>
   </datafield>
   <datafield ind2=" " ind1=" " tag="720">
      <subfield code="a">Delgado-Peña, José Jesús</subfield>
      <subfield code="e">author</subfield>
   </datafield>
   <datafield ind2=" " ind1=" " tag="260">
      <subfield code="c">2023</subfield>
   </datafield>
   <datafield ind2=" " ind1=" " tag="520">
      <subfield code="a">La enseñanza virtual ha mejorado y cobrado cada vez más relevancia en el sistema educativo universitario, consolidando una tendencia ascendente de esta modalidad pedagógica en tiempos pospadémicos. En este trabajo, realiza una revisión crítica de la bibliografía especializada, en español e inglés, para estudiar los progresos y limitaciones de la modalidad de enseñanza virtual en el ámbito de la educación universitaria. Paralelamente, se analiza cómo las decisiones tomadas para afrontar la pandemia, derivada de la COVID-19, han incidido en la enseñanza superior a distancia. Los resultados del estudio confirman que la educación a distancia en el sistema universitario español ha
adquirido un protagonismo insólito en su historia, espoleado por la imposición temporal de la enseñanza en tiempos de pandemia y confinamiento, pero explotando una tendencia que ya existía previamente.</subfield>
   </datafield>
   <datafield ind1="8" ind2=" " tag="024">
      <subfield code="a">ArtyHum Revista de Artes y Humanidades, ISSN 2341-4898, nº 86, Vigo.</subfield>
   </datafield>
   <datafield ind1="8" ind2=" " tag="024">
      <subfield code="a">2341-4898</subfield>
   </datafield>
   <datafield ind1="8" ind2=" " tag="024">
      <subfield code="a">https://hdl.handle.net/10630/44805</subfield>
   </datafield>
   <datafield tag="653" ind2=" " ind1=" ">
      <subfield code="a">Investigación activa en educación</subfield>
   </datafield>
   <datafield tag="653" ind2=" " ind1=" ">
      <subfield code="a">Innovaciones educativas</subfield>
   </datafield>
   <datafield ind2="0" ind1="0" tag="245">
      <subfield code="a">Avances y limitaciones de la educación a distancia universitaria pospandemia: una revisión bibliográfica</subfield>
   </datafield>
</record>
</metadata></record></GetRecord></OAI-PMH>